| 000 -LEADER |
| fixed length control field |
00838cam a22002171 4500 |
| 001 - CONTROL NUMBER |
| control field |
9594429 |
| 005 - DATE AND TIME OF LATEST TRANSACTION |
| control field |
20180116035553.0 |
| 008 - FIXED-LENGTH DATA ELEMENTS--GENERAL INFORMATION |
| fixed length control field |
750516s1899 pauf 001 0 eng |
| 010 ## - LIBRARY OF CONGRESS CONTROL NUMBER |
| LC control number |
99003850 |
| 035 ## - SYSTEM CONTROL NUMBER |
| System control number |
(OCoLC)1336392 |
| 040 ## - CATALOGING SOURCE |
| Original cataloging agency |
DLC |
| Transcribing agency |
OCX |
| Modifying agency |
NcU |
| -- |
DLC |
| 041 ## - LANGUAGE CODE |
| Language code of text/sound track or separate title |
eng |
| 080 ## - UNIVERSAL DECIMAL CLASSIFICATION NUMBER |
| Universal Decimal Classification number |
821 |
| 082 ## - DEWEY DECIMAL CLASSIFICATION NUMBER |
| Edition number |
821 SHA |
| 100 1# - Rafti |
| Rafti |
21 |
| 101 ## - Shkurtesa |
| Shkurtesa |
GJL |
| 240 10 - UNIFORM TITLE |
| Uniform title |
<a href="Works.">Works.</a> |
| Date of a work |
1899 |
| 245 14 - TITLE STATEMENT |
| Title |
The complete works of Shakespeare; |
| Statement of responsibility, etc |
edited by Clark & Wright; with his life, an historical summary of the plot and characters and variorum readings to each play, by Charles Knight ... To which are added a concordance of familiar gems ... alphabetical list of all characters in the plays, glossary, index, etc. Illustrated with fifty-one photogravures ... |
| 906 ## - LOCAL DATA ELEMENT F, LDF (RLIN) |
| a |
7 |
| b |
cbc |
| c |
oclcrpl |
| d |
u |
| e |
ncip |
| f |
18 |
| g |
y-gencatlg |
| 942 ## - ADDED ENTRY ELEMENTS (KOHA) |
| Source of classification or shelving scheme |
|
| Item type |
Books |